书目信息 |
| 题名: |
并行程序设计导论
|
|
| 作者: | 帕切克 著 ;邓倩妮 译 | |
| 分册: | ||
| 出版信息: | 北京 机械工业出版社 2012.08 |
|
| 页数: | 252页 | |
| 开本: | 26cm | |
| 丛书名: | 计算机科学丛书 | |
| 单 册: | ||
| 中图分类: | TP311.11 | |
| 科图分类: | ||
| 主题词: | 并行程序--bing hang cheng xu--程序设计 | |
| 电子资源: | ||
| ISBN: | 978-7-111-39284-2 | |
| 000 | 01161nam 2200289 450 | |
| 001 | 0106081812 | |
| 005 | 20201106082044.0 | |
| 010 | @a978-7-111-39284-2@dCNY49.00 | |
| 100 | @a20121212e20202012em y0chiy0110 ea | |
| 101 | 1 | @achi@ceng |
| 102 | @aCN@b110000 | |
| 105 | @ay z 000yy | |
| 106 | @ar | |
| 200 | 1 | @a并行程序设计导论@Abing xing cheng xu she ji dao lun@dAn introduction to parallel programming@zeng@f(美)Peter S.Pacheco著@g邓倩妮等译 |
| 210 | @a北京@c机械工业出版社@d2012.08@h2020.03 | |
| 215 | @a252页@d26cm | |
| 225 | 2 | @a计算机科学丛书@Aji suan ji ke xue cong shu |
| 305 | @a本书由机械工业出版社与Elsevier(Singapore)Pte Ltd合作出版 | |
| 330 | @a本书循序渐进地展示了如何利用MPI、PThread和OpenMP开发高效的并行程序,教给读者如何开发、调试分布式内存和共享式内存的程序,以及对程序进行性能评估。 | |
| 461 | 0 | @12001 @a计算机科学丛书 |
| 510 | 1 | @aIntroduction to parallel programming@zeng |
| 606 | 0 | @a并行程序@Abing hang cheng xu@x程序设计 |
| 690 | @aTP311.11@v5 | |
| 701 | 1 | @c(美)@a帕切克@Apa qie ke@gPacheco, P.S.@4著 |
| 702 | 0 | @a邓倩妮@Adeng qian ni@4译 |
| 801 | 0 | @aCN@bBJSZM@c20201106 |
| 905 | @b1191808-11@dTP311.11@e1514@f4 | |
| 并行程序设计导论=An introduction to parallel programming/(美)Peter S.Pacheco著/邓倩妮等译.-北京:机械工业出版社,2012.08(2020.03) |
| 252页;26cm.-(计算机科学丛书) |
| ISBN 978-7-111-39284-2:CNY49.00 |
| 本书循序渐进地展示了如何利用MPI、PThread和OpenMP开发高效的并行程序,教给读者如何开发、调试分布式内存和共享式内存的程序,以及对程序进行性能评估。 |
| ● |
| 相关链接 |
|
|
|
|
正题名:并行程序设计导论
索取号:TP311.11/1514
 
预约/预借
| 序号 | 登录号 | 条形码 | 馆藏地/架位号 | 状态 | 备注 |
| 1 | 1191808 | 211918086 | 第二样本阅览室/ [索取号:TP311.11/1514] | 在馆 | |
| 2 | 1191809 | 211918095 | 第三借阅区/ [索取号:TP311.11/1514] | 在馆 | |
| 3 | 1191810 | 211918102 | 第三借阅区/ [索取号:TP311.11/1514] | 在馆 | |
| 4 | 1191811 | 211918111 | 第三借阅区/ [索取号:TP311.11/1514] | 在馆 |